| 000 | 00468nmm a2200169Ia 4500 | ||
|---|---|---|---|
| 008 | 251105s9999||||xx |||||||||||||||||und|| | ||
| 020 | _a9788475225489 | ||
| 041 | _aspa | ||
| 100 | _aUribe, Kirmen | ||
| 245 | 0 | _aMientras tanto cógeme la mano | |
| 264 |
_a[Madrid, España] : _bVisor Libros, _c2010 |
||
| 300 | _a160 páginas | ||
| 490 | _aVisor de Poesía | ||
| 650 | _aSpanish poetry | ||
| 856 | _uhttps://public.digitaliapublishing.com/a/76850 | ||
| 942 | _cCF | ||
| 999 |
_c84973 _d84973 |
||